Loading...
| Mythology | 0 | 8 | 0 | 2 | 80 | 14 | 78.38 | 2 | 8 | 0.00 | 0.00 |
| History - European | 0 | 6 | 1 | 2 | 55 | 44 | 82.00 | 2 | 4 | 0.00 | 0.00 |
| History - American | 0 | 4 | 0 | 1 | 40 | 44 | 67.00 | 1 | 4 | 0.00 | 0.00 |
| History - Other | 0 | 4 | 0 | 1 | 40 | 55 | 83.00 | 2 | 4 | 0.00 | 0.00 |
| Literature - World | 0 | 4 | 1 | 1 | 35 | 47 | 78.75 | 2 | 3 | 0.00 | 0.00 |
| Geography | 0 | 3 | 0 | 0 | 30 | 68 | 74.00 | 2 | 3 | 0.00 | 0.00 |
| History - World | 0 | 3 | 0 | 0 | 30 | 34 | 66.00 | 2 | 3 | 0.00 | 0.00 |
| Social Science | 0 | 3 | 1 | 2 | 25 | 40 | 74.00 | 2 | 3 | 0.00 | 0.00 |
| Literature - European | 0 | 3 | 1 | 0 | 25 | 61 | 82.33 | 0 | 3 | 0.00 | 0.00 |
| Fine Arts - Painting and Sculpture | 0 | 3 | 1 | 1 | 25 | 89 | 100.67 | 0 | 3 | 0.00 | 0.00 |
| Current Events | 0 | 2 | 0 | 1 | 20 | 64 | 86.00 | 1 | 1 | 0.00 | 0.00 |
| Fine Arts - Classical Music | 0 | 2 | 0 | 0 | 20 | 65 | 80.50 | 0 | 2 | 0.00 | 0.00 |
| Philosophy | 0 | 2 | 0 | 1 | 20 | 34 | 71.50 | 1 | 2 | 0.00 | 0.00 |
| Religion | 0 | 2 | 1 | 1 | 15 | 74 | 85.00 | 0 | 2 | 0.00 | 0.00 |
| Science - Biology | 0 | 1 | 0 | 1 | 10 | 100 | 100.00 | 0 | 0 | 0.00 | 0.00 |
| Literature - British | 0 | 1 | 0 | 0 | 10 | 90 | 90.00 | 1 | 1 | 0.00 | 0.00 |
| Literature - American | 0 | 1 | 2 | 0 | 0 | 63 | 63.00 | 1 | 1 | 0.00 | 0.00 |
| Fine Arts - Other | 0 | 0 | 1 | 0 | -5 | 0.00 | 0 | 0 | 0.00 | 0.00 | |
| Popular Culture | 0 | 0 | 1 | 0 | -5 | 0.00 | 0 | 0 | 0.00 | 0.00 |